00386nam a2200145Ia 4500008004100000020001500041041001200056082001600068100001500084245007300099260002500172300001000197650001800207700001500225221030s9999 xx 000 0 und d a0074636839 aEnglish a105.23bKha aM. Y. Khan 0aTheory & Problems in Finanical Managementcby M. Y. Khan, P. K. Jain bTMHaNew Delhic2002 a16.20 aBE Management aP. K. Jain